Ultimative Deutschland Liste - Statistiken

Allgemein
  • Dieses Quiz wurde 594 mal gespielt
    589 seit der letzten Aktualisierung
  • Das Durchschnittsergebnis liegt bei 147 aus 300
Antwortstatistiken
Hint Antwort % Korrekt
Größte Arbeitgeber Volkswagen
98%
Unternehmen Volkswagen AG
94%
Aktuelle Tatort Regionen | Bundesland | Großstädte | Landeshauptstädte Berlin
90%
Aktuelle Tatort Regionen | Bundesland | Großstädte | Landeshauptstädte Hamburg
90%
Bundesland Bayern
89%
Aktuelle Tatort Regionen | Bundesland | Großstädte | Landeshauptstädte Bremen
89%
Länder in die ausgewandert wird | Nachbarländer Dänemark
89%
Länder in die ausgewandert wird | Nachbarländer Frankreich
89%
Länder in die ausgewandert wird | Länder, die Deutsche am häufigsten besuchen | Nachbarländer Niederlande
89%
Länder in die ausgewandert wird | Länder, die Deutsche am häufigsten besuchen | Nachbarländer Österreich
89%
Deutsche Immigration nach Land | Nachbarländer Polen
89%
Wasserreichste Flüsse Rhein
89%
Länder in die ausgewandert wird | Länder, die Deutsche am häufigsten besuchen | Nachbarländer Schweiz
89%
Länder in die ausgewandert wird | Nachbarländer Belgien
88%
Literaturnobelpreisträger Nelly Sachs
88%
Bundesland Sachsen
88%
Bundeskanzler Angela Merkel
87%
Nachbarländer Tschechien
87%
Bundesland Brandenburg
86%
Dichter und Denker | Literaturnobelpreisträger Hermann Hesse
86%
Bundesland Mecklenburg-Vorpommern
86%
Bundesland Niedersachsen
86%
Bundeskanzler Olaf Scholz
86%
Bundesland Saarland
86%
Bundesland Sachsen-Anhalt
86%
Nachbarländer Luxemburg
85%
Bundesland Nordrhein-Westfalen
85%
Bundesland Schleswig Holstein
85%
Aktuelle Tatort Regionen | Großstädte | Landeshauptstädte München
84%
Bundesland Thüringen
84%
Länder, die Deutsche am häufigsten besuchen Vereinigte Staaten
84%
Währungen Euro
83%
Bundeskanzler Konrad Adenauer
81%
Bundesland Rheinland Pfalz
81%
Länder in die ausgewandert wird Spanien
81%
Aktuelle Tatort Regionen | Großstädte | Landeshauptstädte Stuttgart
81%
Bundesland Baden Württemberg
80%
Wasserreichste Flüsse Donau
80%
Bundeskanzler Helmut Kohl
80%
Literaturnobelpreisträger Herta Müller
80%
Bundesland Hessen
80%
Aktuelle Tatort Regionen | Großstädte Köln
80%
Wasserreichste Flüsse Main
80%
Häufigste Nachnamen Meyer
80%
Häufigste Nachnamen Müller
80%
Meistgeschaute TV Sender RTL
80%
Meistgeschaute TV Sender ZDF
80%
Währungen Deutsche Mark
79%
Aktuelle Tatort Regionen | Großstädte | Landeshauptstädte Dresden
79%
Großstädte | Landeshauptstädte Düsseldorf
79%
Großstädte Frankfurt (Main)
79%
Bundeskanzler Helmut Schmidt
79%
Deutsche Feiertage Neujahr
79%
Häufigste Nachnamen Schmidt
79%
Meistgeschaute TV Sender ARD
78%
Weltmeisterjahre Fußball 2014
77%
Großstädte | Landeshauptstädte | Landkreise nach Einwohnern | Landkreise nach Fläche Hannover
77%
Aktuelle Tatort Regionen | Landeshauptstädte Kiel
77%
Deutsche Immigration nach Land Türkei
77%
Wasserreichste Flüsse Elbe
76%
Deutsche Immigration nach Land | Länder in die ausgewandert wird Italien
76%
Aktuelle Tatort Regionen Frankfurt (Main)
75%
Weltmeisterjahre Fußball 1954
74%
Weltmeisterjahre Fußball 1974
74%
Weltmeisterjahre Fußball 1990
74%
Die reichsten Deutschen Familie Porsche
74%
Landeshauptstädte Mainz
74%
Landeshauptstädte Potsdam
74%
Meistgeschaute TV Sender ProSieben
74%
Deutsche Feiertage Tag der deutschen Einheit
74%
Unternehmen BMW AG
73%
Dichter und Denker Johann Wolfgang von Goethe
73%
Aktuelle Tatort Regionen | Landeshauptstädte Wiesbaden
73%
Landeshauptstädte Erfurt
72%
Aktuelle Tatort Regionen | Landeshauptstädte Saarbrücken
72%
Aktuelle Tatort Regionen | Großstädte Dortmund
71%
Bundeskanzler Gerhard Schröder
71%
Währungen Reichsmark
71%
Meistgeschaute TV Sender Sat 1
71%
Landeshauptstädte Schwerin
71%
Meistbesuchten Internetseiten Google
70%
Großstädte Leipzig
70%
Deutsche Feiertage Tag der Arbeit
70%
Dichter und Denker Friedrich Schiller
69%
Meistgewählten Studiengänge Betriebswirtschaftslehre
68%
Landeshauptstädte Magdeburg
68%
Bundespräsidenten Frank-Walter Steinmeier
66%
Komponisten Johann Sebastian Bach
66%
Deutsche Immigration nach Land Syrien
66%
Deutsche Feiertage Karfreitag
65%
Großstädte Essen
64%
Länder in die ausgewandert wird Schweden
64%
Bundeskanzler | Friedensnobelpreisträger Willy Brandt
64%
Deutsche Feiertage Pfingstmontag
63%
Literaturnobelpreisträger Thomas Mann
63%
Deutsche Immigration nach Land Russland
61%
Komponisten Ludwig van Beethoven
60%
Länder in die ausgewandert wird Norwegen
60%
Aktuelle Tatort Regionen | Großstädte Nürnberg
60%
Deutsche Feiertage Ostermontag
60%
Meistgeschaute TV Sender VOX
60%
Wasserreichste Flüsse Weser
58%
Meistgeschaute TV Sender RTL Zwei
57%
Währungen Mark
56%
Länder, die Deutsche am häufigsten besuchen Vereinigtes Königreich
56%
Europameister im Fußball 1996
55%
Deutsche Feiertage Christi Himmelfahrt
54%
Unternehmen INA-Holding Schaeffler GmbH & Co.KG
54%
Meistgewählten Studiengänge Rechtswissenschaften
54%
Europameister im Fußball 1972
53%
Wasserreichste Flüsse Inn
53%
Wasserreichste Flüsse Isar
53%
Europameister im Fußball 1980
52%
Wasserreichste Flüsse Oder
52%
Meistbesuchten Internetseiten YouTube
52%
Die reichsten Deutschen Beate Heister und Karl Albrecht Jr.
51%
Großstädte Duisburg
51%
Die reichsten Deutschen Familie Theo Albrecht
51%
Bundespräsidenten Johannes Rau
51%
Meistgewählten Studiengänge Medizin
51%
Aktuelle Tatort Regionen Münster
51%
Meistbesuchten Internetseiten Instagram
50%
Bundeskanzler Kurt Georg Kiesinger
50%
Meistbesuchten Internetseiten Facebook
49%
Bundeskanzler Ludwig Erhard
49%
Unternehmen Deutsche Bahn AG
48%
Meistgeschaute TV Sender Kabel Eins
47%
Wasserreichste Flüsse Mosel
47%
Deutsche Immigration nach Land Griechenland
46%
Wasserreichste Flüsse Neckar
46%
Deutsche Immigration nach Land Afghanistan
44%
Deutsche Feiertage 1. Weihnachtstag
43%
Deutsche Feiertage 2. Weihnachtstag
43%
Unternehmen Daimler AG
43%
Bundespräsidenten Joachim Gauck
41%
Währungen DDR Mark
40%
Meistbesuchten Internetseiten Pornhub
40%
Größte Arbeitgeber Deutsche Post DHL Group
39%
Meistgehörte Podcasts Gemischtes Hack
39%
Wasserreichste Flüsse Havel
39%
Meistbesuchten Internetseiten Wikipedia
39%
Meistbesuchten Internetseiten Amazon
38%
Deutsche Immigration nach Land Rumänien
38%
Unternehmen Siemens AG
38%
Unternehmen Deutsche Telekom AG
37%
Deutsche Immigration nach Land Kroatien
37%
Größte Arbeitgeber Siemens AG
37%
Die reichsten Deutschen Dieter Schwarz
36%
Bundespräsidenten Christian Wulff
34%
Deutsche Immigration nach Land Bulgarien
33%
Größte Arbeitgeber Schwarz-Gruppe
33%
Erfolgreichste Olympioniken Birgit Fischer
32%
Unternehmen Deutsche Post AG
32%
Häufigste Nachnamen Fischer
32%
Wasserreichste Flüsse Saale
32%
Erfolgreichste Olympioniken Katrin Wagner-Augustin
31%
Komponisten Richard Wagner
31%
Unternehmen Robert Bosch GmbH
31%
Häufigste Nachnamen Wagner
31%
Aktuelle Tatort Regionen Freiburg
30%
Unternehmen REWE-Gruppe
29%
Häufigste Nachnamen Schneider
29%
Häufigste Nachnamen Schulz
29%
Landkreise nach Einwohnern Aachen
28%
Meistgewählten Studiengänge Informatik
27%
Größte Arbeitgeber Edeka
26%
Meistgewählten Studiengänge Maschinenbau
26%
Bundespräsidenten Theodor Heuss
26%
Bundespräsidenten Horst Köhler
25%
Meistgewählten Studiengänge Psychologie
24%
Häufigste Nachnamen Becker
23%
Dichter und Denker Gotthold Ephraim Lessing
23%
Wasserreichste Flüsse Lech
23%
Bundespräsidenten Richard von Weizsäcker
22%
Meistbesuchten Internetseiten Bing
20%
Wasserreichste Flüsse Aller
19%
Bundespräsidenten Walter Scheel
19%
Literaturnobelpreisträger Günter Grass
18%
Komponisten Georg Friedrich Händel
17%
Bundespräsidenten Roman Herzog
17%
Die reichsten Deutschen Susanne Klatten & Stefan Quandt
17%
Häufigste Nachnamen Weber
17%
Meistbesuchten Internetseiten Bild
16%
Meistgehörte Podcasts Fest & Flauschig
16%
Häufigste Nachnamen Hoffmann
16%
Komponisten Richard Strauss
16%
Dichter und Denker Friedrich Nietzsche
15%
Bundespräsidenten Gustav Heinemann
14%
Erfolgreichste Olympioniken Isabell Werth
14%
Komponisten Johannes Brahms
14%
Bundespräsidenten Karl Carstens
14%
Aktuelle Tatort Regionen Ludwigshafen
14%
Landkreise nach Fläche Osnabrück
14%
Währungen Rentenmark
14%
Meistgewählten Studiengänge Soziale Arbeit
14%
Bundespräsidenten Heinrich Lübke
13%
Erfolgreichste Olympioniken Kerstin Otto
12%
Landkreise nach Einwohnern Recklinghausen
12%
Meistgehörte Podcasts Dick & Doof
11%
Meistgehörte Podcasts Hobbylos
11%
Die reichsten Deutschen Klaus-Michael Kühne
11%
Meistgewählten Studiengänge Wirtschaftswissenschaften
11%
Aktuelle Tatort Regionen | Landkreise nach Fläche Göttingen
10%
Friedensnobelpreisträger Henry Kissinger
10%
Komponisten Jacques Offenbach
10%
Größte Arbeitgeber Öffentlicher Dienst: Kommunen
10%
Komponisten Robert Schumann
10%
Friedensnobelpreisträger Gustav Stresemann
9%
Erfolgreichste Olympioniken Ludger Beerbaum
9%
Größte Arbeitgeber Öffentlicher Dienst: Bundesbereich
9%
Größte Arbeitgeber Öffentlicher Dienst: Länder
9%
Größte Arbeitgeber Öffentlicher Dienst: Sozialversicherungsträger
9%
Landkreise nach Einwohnern Wesel
9%
Landkreise nach Fläche Emsland
8%
Literaturnobelpreisträger Heinrich Böll
8%
Landkreise nach Einwohnern Mettmann
8%
Meistgehörte Podcasts Mordlust
8%
Landkreise nach Einwohnern Esslingen
7%
Meistgehörte Podcasts Baywatch Berlin
6%
Die reichsten Deutschen Familie Henkel
6%
Komponisten Felix Mendelssohn-Bartholdy
6%
Literaturnobelpreisträger Gerhart Hauptmann
6%
Meistbesuchten Internetseiten Kleinanzeigen
6%
Landkreise nach Einwohnern Ludwigsburg
6%
Meistgehörte Podcasts Verbrechen
6%
Meistgewählten Studiengänge Wirtschaftsinformatik
6%
Friedensnobelpreisträger Albert Schweitzer
5%
Dichter und Denker Georg Büchner
5%
Landkreise nach Einwohnern Rhein-Neckar-Kreis
5%
Landkreise nach Einwohnern Rhein-Sieg-Kreis
5%
Landkreise nach Fläche Bautzen
4%
Erfolgreichste Olympioniken Hans Günter Winkler
4%
Literaturnobelpreisträger Paul Heyse
4%
Landkreise nach Fläche Ravensburg
4%
Erfolgreichste Olympioniken Reiner Klimke
4%
Landkreise nach Einwohnern Rhein-Erft-Kreis
4%
Wasserreichste Flüsse Salzach
4%
Landkreise nach Fläche Steinfurt
4%
Literaturnobelpreisträger Theodor Mommsen
4%
Währungen Alliierte Militärmark
3%
Friedensnobelpreisträger Carl von Ossietzky
3%
Meistbesuchten Internetseiten Duckduckgo
3%
Landkreise nach Fläche Erzgebirgskreis
3%
Die reichsten Deutschen Familie Merck
3%
Die reichsten Deutschen Familie Reimann
3%
Dichter und Denker Johann Gottfried Herder
3%
Meistgehörte Podcasts Kurt Krömer - Feelings
3%
Meistgehörte Podcasts Lanz & Precht
3%
Landkreise nach Fläche Ortenaukreis
3%
Die reichsten Deutschen Familie Thiele
2%
Dichter und Denker Friedrich Hölderlin
2%
Erfolgreichste Olympioniken Kathrin Boron
2%
Erfolgreichste Olympioniken Kornelia Ender
2%
Friedensnobelpreisträger Ludwig Quidde
2%
Landkreise nach Fläche Mittelsachsen
2%
Literaturnobelpreisträger Rudolf Eucken
2%
Meistgewählten Studiengänge Wirtschaftsingenieurswesen
2%
Meistbesuchten Internetseiten Aniworld
1%
Größte Arbeitgeber Robert Bosch GmbH
1%
Erfolgreichste Olympioniken Roland Matthes
1%
Meistgehörte Podcasts Wissen Weekly
1%
Keine übereinstimmenden Quizze gefunden
Verteilung der Resultate
Anzahl Personen mit jedem Resultat
Perzentil nach korrekt beantworteten Fragen
Ihre Resultats-Entwicklung
Sie haben dieses Quiz seit der letzten Aktualisierung nicht gespielt